Nicolae Christopher Ratiu, Simon Harry Karmel, Regent House Properties Ltd v David Peter Conway (Record no. 76273)

MARC details
000 -LEADER
fixed length control field 01235cab a2200181 4500
001 - CONTROL NUMBER
control field ##L131782
008 - FIXED-LENGTH DATA ELEMENTS--GENERAL INFORMATION
fixed length control field 051207n2005 000 0 eng u
035 ## - SYSTEM CONTROL NUMBER
System control number (Sirsi) u131782
041 0# - LANGUAGE CODE
Language code of text/sound track or separate title eng
245 00 - TITLE STATEMENT
Title Nicolae Christopher Ratiu, Simon Harry Karmel, Regent House Properties Ltd v David Peter Conway
260 ## - PUBLICATION, DISTRIBUTION, ETC.
Date of publication, distribution, etc. 2005
520 ## - SUMMARY, ETC.
Summary, etc. [2005] EWCA Civ 1302, 15 November 2005. Discussed the risks associated with acting in conflict with a former client. C, who had previously acted for a subsidiary company of Regent House (the third defendant), put in a higher offer than Regent House on another property. C then sued for defamation after Regent House complained that C had used confidential information. "Held": the original judgment in favour of C was overturned on the grounds that C had a conflict of interest in bidding against Regent House as he knew that it controlled the subsidiary and was therefore his real client.
590 ## - LOCAL NOTE (RLIN)
Local note IKA061205
650 24 - SUBJECT ADDED ENTRY--TOPICAL TERM
Topical term or geographic name entry element RATIU AND OTHERS V CONWAY
690 ## - LOCAL SUBJECT ADDED ENTRY--TOPICAL TERM (OCLC, RLIN)
Topical term or geographic name as entry element MANAGEMENT-BUSINESS MANAGEMENT-BUSINESS ETHICS-CONFLICTS OF BUSINESS INTEREST
856 40 - ELECTRONIC LOCATION AND ACCESS
Uniform Resource Identifier <a href="https://www.bailii.org/cgi-bin/markup.cgi?doc=/ew/cases/EWCA/Civ/2005/1302.html">https://www.bailii.org/cgi-bin/markup.cgi?doc=/ew/cases/EWCA/Civ/2005/1302.html</a>
Public note View judgment at www.baillii.org...
942 ## - ADDED ENTRY ELEMENTS (KOHA)
Suppress in OPAC 0
Holdings
Withdrawn status Lost status Source of classification or shelving scheme Damaged status Not for loan Home library Current library Shelving location Date acquired Total Checkouts Full call number Barcode Date last seen Copy number Price effective from Koha item type
    Dewey Decimal Classification     Virtual Virtual Online 07/12/2005   ONLINE PUBLICATION 131782-1001 06/08/2019 1 06/08/2019 Law report